Charakterizácia biomakromolekúl elektrochemickými metódami

Salvato in:
Dettagli Bibliografici
Autore principale: Dakošová, Olívia (Autore)
Altri autori: Gál, Miroslav (Relatore della tesi)
Natura: Manoscritto Libro
Lingua:slovacco
Pubblicazione: 2019
Soggetti:
Accesso online:http://is.stuba.sk/zp/portal_zp.pl?podrobnosti=126518
Tags: Aggiungi Tag
Nessun Tag, puoi essere il primo ad aggiungerne!!

MARC

LEADER 00000ntm a22000003a 4500
001 stuzp74634
003 SK-STU
005 20190622211947.1
007 ta
008 150427s2015----xo-----f-mn---000-0-slo-d
040 |a STU  |b slo 
041 0 |a slo 
100 1 |a Dakošová, Olívia  |u 042120  |4 aut  |U FCHPT Ústav anorganickej chémie, technológie a materiálov  |T FCHPT Oddelenie anorganickej technológie  |X 81902  |U C2120  |Y 111  |7 81902 
242 0 1 |a Characterization of the selected biomacromolecules by electrochemical methods  |y eng 
245 1 0 |a Charakterizácia biomakromolekúl elektrochemickými metódami 
260 |c 2019 
650 4 |a AC voltamperometria  |2 slo 
650 4 |a ortuťová kvapková elektróda  |2 slo 
650 4 |a kyselina hyalurónová  |2 slo 
650 4 |a hyaluronic acid  |2 eng 
650 4 |a AC voltammetry  |2 eng 
650 4 |a mercury drop electrode  |2 eng 
700 1 |a Gál, Miroslav  |u 042120  |k Z1  |4 ths  |U FCHPT Ústav anorganickej chémie, technológie a materiálov  |T FCHPT Oddelenie anorganickej technológie  |X 70968  |U C2120  |Y 111  |7 A0000070968 
856 4 |u http://is.stuba.sk/zp/portal_zp.pl?podrobnosti=126518